[Event "Dyfed Open"]
[Site "Fishguard"]
[Date "2017.02.25"]
[Round "3"]
[White "Jones, Dewi"]
[Black "Cooke, Mark"]
[Result "1/2-1/2"]
[WhiteElo "1534"]
[BlackElo "1644"]
[Annotator "Rudy"]
[PlyCount "81"]
[EventDate "2017.02.24"]
[EventType "swiss"]
[EventRounds "5"]
[EventCountry "WLS"]

1. Nf3 c6 2. g3 d6 3. Bg2 g6 4. O-O Bg7 5. d3 Nf6 6. e4 e5 7. Nc3 (7. Nbd2)
7... Be6 $146 (7... O-O) 8. Bd2 (8. d4 {Komodo10}) 8... Nbd7 9. h3 O-O 10. Ng5
Nh5 11. Qc1 (11. Nxe6 fxe6 12. Ne2 $14 {Komodo10}) 11... Qb6 12. Be3 Qc7 13.
Ne2 Rac8 (13... d5) 14. Kh2 (14. c4) 14... d5 15. Nxe6 fxe6 16. Rb1 {a
mysterious R move; perhaps preparing for f4} d4 17. Bd2 Rf7 18. Bh6 Rcf8 19.
Bxg7 Kxg7 20. f3 {Wh has a very bad KB} c5 21. Qd2 b5 22. Rf2 b4 (22... c4 {is
the indicated move, advancing pawns alongside one another & hitting the pawn
base of the chain}) 23. c3 (23. b3 {holds up the Bl pawn advance}) 23... Rb8
24. c4 a5 25. b3 Qc6 26. Ng1 Nb6 27. h4 a4 28. Qc1 (28. Bh3 {is logical after
the previous move}) 28... Nf6 29. Rf1 a3 (29... axb3 30. axb3 Ra7 {leaves Bl
with some Q side prospects}) 30. Qg5 Nbd7 31. Qd2 {(draw?)} Rh8 32. Qd1 Qd6 33.
Bh3 Qe7 34. Kg2 h6 35. Bg4 {another plan is to evacuate the Wh K to the Q side,
where there are no open linesor ability to open them} Nxg4 (35... g5 $1 {Bl
should stick with the plan of opening lines} 36. hxg5 Nxg4 37. fxg4 Rxf1 38.
Qxf1 Qxg5 39. Qe2 Nf6 $15 {Komodo10}) 36. fxg4 Rhf8 (36... Rxf1 37. Qxf1 Rf8
38. Qe2 $11) 37. Qe2 Rf6 38. Rxf6 Rxf6 39. Rf1 Rxf1 40. Qxf1 Nf6 41. Kh3
1/2-1/2

[Event "Dyfed Open"]
[Site "Fishguard"]
[Date "2017.02.26"]
[Round "4"]
[White "Jones, Iolo C"]
[Black "Strugnell, Carl"]
[Result "1-0"]
[WhiteElo "2181"]
[BlackElo "2255"]
[Annotator "Rudy"]
[PlyCount "67"]
[EventDate "2017.02.24"]
[EventType "swiss"]
[EventRounds "5"]
[EventCountry "WLS"]

1. d4 Nf6 2. Nf3 d5 3. c4 e6 4. Nc3 Bb4 5. cxd5 exd5 6. Qb3 (6. Bg5 {main})
6... c5 7. a3 (7. dxc5) (7. Bg5 {main lines}) 7... Bxc3+ 8. bxc3 c4 (8... O-O)
9. Qb1 (9. Qc2 Ne4 10. g3 Qa5 11. Bd2 O-O 12. Bg2 Nc6 13. O-O Bg4 {
Anastasian-Kharitonov, URS ch, Pavlodar 1987,1/2-1/2}) 9... Ne4 (9... O-O 10.
Bg5 Nc6 11. Nd2 Re8 12. e3 h6 $15 {Komodo10}) 10. Bd2 (10. Nd2 $11 {Cloud
Engines}) 10... Nc6 $17 11. e3 O-O 12. Be2 Bf5 (12... Na5 $17 {[%eval 1001,0]
Komodo10 &}) (12... Qd6 $17 {FRitz13}) 13. Qb2 a5 (13... Na5 $17 {Komodo10}) (
13... Re8 {Fritz13}) 14. a4 Ra6 15. O-O Rb6 16. Qc1 Re8 17. Bd1 {Komodo10.1} (
17. Ra2 {Fritz13 & Komodo10}) 17... Re6 18. Ra2 Rg6 (18... Rh6 {Fritz13 &
Komodo10}) 19. Kh1 (19. Ne1 Qh4 (19... Rh6 20. f4 Ng3 21. hxg3 Rb1 22. Qa3 Rxd1
$17 {Komodo10.1}) 20. f4 Ne7 $17 {Komodo10}) (19. Rb2 Rxb2 20. Qxb2 Qc7 $15 {
Fritz13}) 19... Rb1 (19... Qd7 20. Be1 (20. Nh4 Rb1 21. Qxb1 Nxf2+ 22. Rxf2
Bxb1 23. Rb2 Rh6 24. Rxb1 Rxh4 25. g3 Rh6 26. Bc2 $17 {Komodo10}) 20... Rb1 $19
{Fritz13}) (19... Rxg2 $1 $19 {Komodo10} 20. Be1 (20. Kxg2 Nb4 $1 21. Be1 (21.
cxb4 Rg6+ {mating} 22. Kh1 Bh3 23. Ne1 (23. Rg1 Nxf2#) 23... Qg5 24. Bc3 (24.
Bg4 Qxg4 25. bxa5 Bxf1 26. a6 Nxf2#) 24... Bg2+ 25. Kg1 Bf3+ 26. Ng2 Qxg2#) (
21. Rg1 Bh3+ $1 (21... Nd3 22. Qa1 Rg6+ 23. Kf1 Bh3+ 24. Ke2 Rxg1 25. Nxg1 Qh4
26. Nxh3 Qxh3 27. Bc2 Qg4+ 28. f3 (28. Kf1 Nxd2#) 28... Qg2+ 29. Kd1 Qxd2#) (
21... Nxa2 22. Qc2 (22. Qa1 Rg6+ 23. Kf1 Nxd2+) 22... Rg6+ 23. Kf1 Qf6 $1 $19)
22. Kxh3 Qd7+ 23. Kg2 Rg6+ 24. Kf1 Qh3+ 25. Ke2 Rxg1 26. Nxg1 Qg2 27. Be1 Nd3
28. Qc2 Ndxf2 {and mate next move- as all Wh's pices are helpless}) 21... Nxa2
22. Qc2 (22. Qa3 Naxc3 23. Bxc3 (23. h4) 23... Rg6+ 24. Kh1 Bh3 {mating}) 22...
Rg6+ 23. Kh1 Ng3+) 20... Bh3 21. Rg1 Nb4 $1 22. Rxg2 Bxg2+ 23. Kxg2 Nxa2 24.
Qc2 Rg6+ 25. Kf1 Qd7 26. Ng1 Qd6 27. Nf3 Qa3 $19 {Komodo10}) 20. Qxb1 (20. Qa3
Rxd1 21. Rxd1 Bh3 22. g3 Qf6 {mating; Komodo10}) 20... Nxf2+ (20... Ng3+ {
Fritz13 & considered by Komodo10}) 21. Rxf2 Bxb1 22. Rb2 Be4 $19 23. Rxb7 h5 (
23... Re6 $19 {Cloud Engines}) (23... Qc8 $19 {also; Komodo10}) 24. Be1 $17 h4
25. h3 {Fritz13} (25. Nd2 {[%eval 1001,0] Komodo10 &}) 25... Re6 $17 {Fritz13}
(25... Qc8 26. Rfb2 Qf8 $17 {Komodo10}) (25... Rf6 $17 {Komodo10.1}) 26. Nh2 (
26. Rxf7 {best try ;Cloud Engines} Kxf7 27. Ng5+ Ke7 28. Rf7+ Kd6 29. Bxh4 Re7
30. Bg4 Bg6 31. Bg3+ Ne5 32. dxe5+ Kc6 33. Rf2 Qb6 34. Ne6 Qxe3 35. Rf3 Qd2 36.
Bf2 Qd1+ 37. Kh2 Qxa4 38. Nc5 Qc2 39. Bd4 Rf7 40. Rxf7 Bxf7 41. Bd7+ Kc7 42. e6
Bg6 43. Be5+ Kb6 44. Na4+ Kb7 45. Nc5+ Ka7 46. Bd4 Qe2 $17 {Komodo10}) 26...
Qg5 {trying to get the Q active, but also lets Wh's Rs loose} (26... Bg6 $15 {
wins according to Fritz13}) (26... f6 $19 {both Komodos}) 27. Rbxf7 $15 Qxe3
28. Rf8+ Kh7 29. Bd2 Qd3 {the Q is actually passively placed here} 30. Nf3 Rf6
$2 {too late now} (30... Rg6 $11 {Komodo10 first idea before changing its
assessment} 31. Be2 Qb1+ 32. Kh2 Qc2 (32... Bd3 33. Ng5+ Rxg5 34. Bxg5 $16) 33.
Rf4 (33. Ng5+ Rxg5 34. Bxg5 Qxc3 $15) 33... Ne7 34. Ng5+ Rxg5 35. Rxh4+ Kg6 36.
Bxg5 Kxg5 37. Rg4+ Kh6 38. Rh4+ Kg5 $11 (38... Kg6 $2 39. Bh5+ Kg5 40. Rg4+
Kxh5 41. Rxc2 Bxc2 42. Rxg7 $18)) (30... Bxf3 $15 {best, All Engines}) 31. Ng5+
$18 Kg6 32. R2xf6+ gxf6 33. Rg8+ Kf5 (33... Kh6 34. Nxe4+ Qxd2 35. Nxd2 {
leaves Wh with too much material}) 34. Bg4# 1-0

[Event "Dyfed Open"]
[Site "Fishguard"]
[Date "2017.02.26"]
[Round "4"]
[White "Kett, Tim"]
[Black "Hewitt, William"]
[Result "1-0"]
[WhiteElo "2193"]
[BlackElo "2033"]
[Annotator "Rudy"]
[PlyCount "129"]
[EventDate "2017.02.24"]
[EventType "swiss"]
[EventRounds "5"]
[EventCountry "WLS"]

1. e4 c6 2. Nc3 d5 3. Nf3 Bg4 4. h3 Bxf3 5. Qxf3 Nf6 6. g3 e6 7. Bg2 Nbd7 8. d3
Bd6 (8... Bb4) 9. O-O O-O 10. Be3 (10. Qe2 {main}) 10... Re8 (10... Ne5 11. Qe2
Ng6 12. f4 {Merts-Lu, Harbin op U20, 2017,1-0}) 11. Rad1 Qc7 12. g4 Nf8 13. g5
N6d7 14. d4 b5 (14... Ng6 $11 {Fritz13 & Komodo10}) 15. Qg4 Qa5 16. a3 b4 (
16... Nb6 $11) 17. axb4 Qxb4 18. Bc1 $14 Be7 19. h4 $16 (19. f4 $16 {Komodo10})
19... Rac8 20. Rd3 (20. h5 $16) 20... dxe4 (20... c5 $14 {both Engines}) 21.
Nxe4 Qc4 22. Qd1 Ng6 23. b3 Qb5 24. c4 Qf5 25. Ng3 (25. Rh3 $16 {both Engines})
25... Qa5 26. Qg4 c5 27. h5 Ngf8 28. Bd2 Qa2 29. h6 g6 (29... Ng6) 30. Qf4 $18
(30. dxc5 $18 Ne5 (30... Nxc5 31. Qd4) 31. Qd4 f6 32. Qc3 Nxd3 33. gxf6 Qb2 34.
fxe7 Qxc3 35. exf8=Q+ Rxf8 36. Bxc3 Nxc5 37. Ne4 $18 {Komodo10}) 30... f5 (
30... e5 31. dxe5 Ne6 32. Qe4 Ndf8 33. f4 $18 {Komodo10}) 31. gxf6 Nxf6 32.
dxc5 (32. Ne4 $18) 32... Qc2 33. Rc3 Qb2 34. Rf3 (34. c6 $18) 34... e5 35. Qe3
Bxc5 36. Qe1 (36. Qg5 $18 {both Engines}) 36... N8d7 37. Bc3 (37. Qd1 Bd4 38.
Bc1 Qa1 39. Ne2 Bc5 40. Rd3 Rc7 41. Nc3 $16 {Komodo10}) 37... Qc2 (37... Qxb3
$11 {Komodo10} 38. Ne4 (38. Bxe5 Qxc4 $15) 38... Qb6 $11) 38. Qd1 Qxd1 39. Rxd1
$16 Rb8 40. Ba1 (40. Bh3 $18 {both Engines}) 40... Rb6 41. Rfd3 (41. Ne4 Nxe4
42. Rxd7 Rd6 43. Rxd6 Nxd6 44. Rf6 e4 45. Bc3 Nf5 46. b4 Bf8 47. Ra6 Re7 48. b5
Bxh6 49. Bb4 Rd7 50. Bxe4 $16 {Komodo10}) 41... Nf8 42. Ne4 Be7 (42... Nxe4)
43. Bxe5 $18 (43. c5 $18 {both Engines} Ra6 44. Nxf6+ Bxf6 45. Bd5+ Ne6 46. Rf3
Bh4 47. c6 Ra5 48. Bxe5 $18 {Komodo10}) 43... Nxe4 44. Bxe4 Ne6 45. Bd5 Bb4 46.
Rf3 Bc5 47. Re1 {Fritz13} (47. Rf6 {Komodo10}) 47... Rf8 48. Rxf8+ (48. Bf6 $1
$18 {both Engines}) 48... Kxf8 49. Bxe6 (49. Bf6 Kf7 50. Bc3 Be7 51. b4 Rd6 52.
Be5 Rd7 53. Bg3 $18 {Komodo10}) 49... Rxe6 50. Bg7+ Ke7 $2 (50... Kf7 51. Kf1
$16) 51. Rxe6+ (51. Bf8+ $18 {Komodo10}) 51... Kxe6 52. Kf1 Kf5 53. Ke2 Ke4 54.
f3+ Kf4 55. Bc3 g5 (55... a6 $16) 56. b4 $18 Bd6 57. b5 g4 58. fxg4 Kxg4 59.
Bd4 Bb8 60. Ke3 Kf5 61. Kf3 Kg6 62. Ke4 Kxh6 63. Be5 Bxe5 64. Kxe5 Kg5 65. c5
1-0

[Event "Dyfed Open"]
[Site "Fishguard"]
[Date "2017.02.26"]
[Round "4"]
[White "May, Adam J"]
[Black "Heap, Gerry"]
[Result "0-1"]
[WhiteElo "1922"]
[BlackElo "2072"]
[Annotator "Rudy"]
[PlyCount "72"]
[EventDate "2017.02.24"]
[EventType "swiss"]
[EventRounds "5"]
[EventCountry "WLS"]

1. c4 e5 2. g3 Nf6 3. Bg2 d5 4. cxd5 Nxd5 5. Nc3 Nb6 6. Nf3 Nc6 7. O-O Be7 8.
a3 O-O 9. b4 f6 10. Rb1 Be6 11. d3 a5 12. b5 Nd4 13. Nd2 Qc8 14. Bb2 (14. e3
Nf5 15. Bb2 Rd8 16. Qc2 {main}) 14... a4 (14... Rd8 15. e3 {Forsaa-Ostenstad,
NOR ch 2011,1/2-1/2}) 15. e3 Nf5 (15... Nb3 16. Nxa4 Nxa4 17. Nxb3 Nxb2 18.
Rxb2 Rxa3 19. Qc2 Rd8 20. Rc1 Bb4 $11 {Thier-Jakits, Wolfsberg op , 2013,0-1})
16. Qc2 Rd8 17. Rfc1 Nd6 {so far book} 18. Nce4 $146 (18. Nde4 {97 games in
database, many by top GMs}) (18. Ba1 $146 {Heap-Hewitt, Dyfed Closed 2015,1/
2-1/2}) 18... Nxb5 $17 19. Nc5 c6 (19... Bd5 $17 {Komodo10}) 20. Nxb7 (20. Nxe6
Qxe6 21. Ra1 $15) 20... Qxb7 21. Qxc6 Qxc6 22. Rxc6 (22. Bxc6 Rxd3 23. Bxa8
Nxa8 $19) 22... Bd5 23. Rxb6 Bxg2 24. Kxg2 Nxa3 25. Bxa3 Bxa3 26. Nc4 Bf8 27.
Ra1 (27. Rd1 a3 28. Kf3 Ra4 $17 {Komodo10}) 27... Rxd3 $19 28. Rb7 a3 29. Nb6
Rad8 (29... Rb3) 30. Nc4 Rc3 31. Nxa3 Rxa3 32. Rc1 Ra2 33. Rcc7 Rdd2 34. Rc8
Rxf2+ 35. Kh3 (35. Kg1 Rg2+ 36. Kh1 Rxh2+ 37. Kg1 Rhg2+ 38. Kh1 Rge2 39. Rb1
Rxe3 $19 {Komodo10}) 35... h5 36. Rbb8 Rxh2# 0-1

[Event "Dyfed Open"]
[Site "Fishguard"]
[Date "2017.02.26"]
[Round "4"]
[White "May, Frank"]
[Black "Taylor, Robert Graham"]
[Result "1-0"]
[WhiteElo "2103"]
[BlackElo "1930"]
[Annotator "Rudy"]
[PlyCount "88"]
[EventDate "2017.02.24"]
[EventType "swiss"]
[EventRounds "5"]
[EventCountry "WLS"]

1. d4 Nf6 2. c4 g6 3. Nc3 d5 4. e3 Bg7 5. cxd5 Nxd5 6. Nxd5 Qxd5 7. Ne2 O-O 8.
Nc3 Qd8 9. Be2 c5 10. d5 a6 (10... e6 {main}) 11. a4 e6 (11... b6 {more
frequent here}) 12. e4 f5 (12... Qh4 13. Bf3 Nd7 14. g3 Qh3 15. Ne2 Ne5 16. Nf4
Qh6 17. Bg2 {tarasova-Maris, Groningen op 2011,1-0}) (12... exd5 13. exd5 Re8
14. O-O Bf5 $11 {Komodo10}) 13. O-O fxe4 14. Bc4 $16 exd5 15. Bxd5+ Kh8 16.
Nxe4 (16. Be3 Nd7 17. Nxe4 $16) 16... Bd4 17. Qb3 Nc6 (17... Rf5 $11) 18. Ng5
Na5 19. Qa2 Kg7 (19... Bf5 20. Nf7+ Rxf7 21. Bxf7 Bd3 22. Re1 Bxf2+ 23. Kxf2
Qh4+ 24. g3 Qxh2+ 25. Kf3 Nc6 $11 {Komodo10}) 20. Nf3 (20. Nf7 Rxf7 21. Bxf7
Bf5 22. Be3 $16 {Komodo10}) 20... Nc6 21. Bd2 $16 Ne7 22. Be4 Qb6 (22... Bf6)
23. Bc3 (23. Nxd4 cxd4 24. Qa3 Rf7 25. Rfe1 $16 {Komodo10}) 23... Be6 24. Qa3
Bf6 25. a5 Qc7 26. Ng5 Bg8 27. Rad1 h6 28. Nf3 Kh7 29. Qa4 Be6 30. Rfe1 Bxc3
31. bxc3 Rf4 32. g3 Rf6 33. Qc2 Bg4 (33... Qxa5 34. Rd6 Re8 35. Ne5 Kg7 36. Nd7
Bxd7 37. Rxd7 Re6 38. Re2 $18 {Komodo10}) 34. Rd3 Raf8 35. Ne5 Be6 (35... Rxf2
36. Bxg6+ Kg7 37. Rd2 Rxd2 38. Qxd2 Bh3 39. Bd3 Qxa5 40. g4 Nd5 41. Ng6 Rf3 42.
Nh4 Rf4 43. Nf5+ Kf8 44. Bf1 Qxc3 45. Qxc3 Nxc3 46. Bxh3 b5 47. Re6 b4 $14 {
Komodo10; rather complex to play over the board}) 36. f4 Qxa5 37. Nd7 $18 Bxd7
38. Rxd7 R8f7 39. Rxe7 $1 Rxe7 40. Bxg6+ Rxg6 (40... Kg8 41. Rxe7 $18) 41.
Rxe7+ Kh8 42. Qxg6 Qa1+ 43. Kf2 (43. Kg2 Qa2+ 44. Kh3 {mating}) 43... Qb2+ 44.
Re2 Qb6 1-0

[Event "Dyfed Open"]
[Site "Fishguard"]
[Date "2017.02.26"]
[Round "4"]
[White "Spencer, Douglas"]
[Black "Powell, Lloyd"]
[Result "1/2-1/2"]
[WhiteElo "1962"]
[BlackElo "2088"]
[Annotator "Rudy"]
[PlyCount "37"]
[EventDate "2017.02.24"]
[EventType "swiss"]
[EventRounds "5"]
[EventCountry "WLS"]

1. d4 Nf6 2. c4 g6 3. Nc3 Bg7 4. e4 d6 5. Be2 O-O 6. Bg5 c5 7. d5 e6 8. dxe6
Bxe6 9. Qd2 Nc6 10. Nf3 Qa5 11. O-O Ng4 $146 {Komodo10} (11... Nd4 {main}) 12.
Rac1 Nge5 13. Nxe5 Bxe5 14. b3 Nd4 15. Bh6 Rfe8 16. Bd3 Bh8 17. Nd5 Qxd2 18.
Bxd2 Bxd5 19. exd5 $11 1/2-1/2

[Event "Dyfed Open"]
[Site "Fishguard"]
[Date "2017.02.26"]
[Round "4"]
[White "Byway, Paul V"]
[Black "Mort, Andrew J"]
[Result "1-0"]
[WhiteElo "2054"]
[BlackElo "1885"]
[Annotator "Rudy"]
[PlyCount "43"]
[EventDate "2017.02.24"]
[EventType "swiss"]
[EventRounds "5"]
[EventCountry "WLS"]

1. Nf3 e6 2. c4 f5 3. g3 Nf6 4. Bg2 Be7 5. O-O O-O 6. d3 (6. d4 {main}) 6... d6
7. Nc3 Nc6 8. Rb1 a5 9. a3 Qe8 10. b4 axb4 11. axb4 Qh5 12. b5 Nb8 $146 (12...
Nd8 {main, with good results for Bl}) 13. e3 Nbd7 14. Nd4 Nc5 (14... Qxd1 15.
Rxd1 Nc5 $11 {Komodo10}) 15. Qxh5 Nxh5 16. Rd1 Bd7 17. Nde2 Rfb8 (17... Nf6)
18. e4 Bc8 {strange retreat} (18... fxe4 19. d4 Na4 20. Nxe4 Nf6 $11 {Komodo10}
) 19. Be3 (19. exf5 exf5 20. d4 $16) 19... Na4 20. exf5 exf5 21. Nd5 Bd8 22. b6
$16 (22. b6 Nxb6 (22... c6 23. Nc7 Ra5 24. Ra1 Nb2 25. Rxa5 Nxd1 26. Bd4 c5 27.
Ba1 Nf6 28. Bf3 Ng4 29. Nf4 Ndxf2 30. h3 Nxh3+ 31. Nxh3 $18) 23. Nxb6 cxb6 24.
Bxb6 Bxb6 25. Rxb6 Ra6 26. Rdb1 Rba8 27. Bxb7 Bxb7 28. Rxb7 Ra3 29. R1b3 $16)
1-0

[Event "Dyfed Open"]
[Site "Fishguard"]
[Date "2017.02.26"]
[Round "4"]
[White "Rodriguez, Juan Talavera"]
[Black "Miller, John S"]
[Result "1-0"]
[WhiteElo "2007"]
[BlackElo "1651"]
[Annotator "Rudy"]
[PlyCount "70"]
[EventDate "2017.02.24"]
[EventType "swiss"]
[EventRounds "5"]
[EventCountry "WLS"]

1. e4 e6 2. d4 d5 3. Nc3 Bb4 4. e5 c5 5. a3 Bxc3+ 6. bxc3 Ne7 7. Nf3 Bd7 8. a4
Nbc6 9. Bb5 (9. Be2) (9. Bd3) (9. Ba3) 9... Qc7 (9... Qa5) 10. O-O Na5 (10...
a6) 11. Bd3 (11. Ba3 {more frequent}) 11... cxd4 12. cxd4 Nc4 {Draw agreed,
Stevanovic-Lahlum, GER ch U20 1993.} (12... h6 {most frequent}) 13. Nd2 (13.
Ng5 h6 14. Qh5 Rf8 15. Nf3 O-O-O 16. Qg4 $16 {Komodo10}) 13... b5 14. Qe2 (14.
axb5 Bxb5 15. Qg4 Ng6 16. h4 h5 17. Qg5 $16 {Komodo10}) 14... Qa5 15. Nb3 Qc7
16. Bg5 $16 (16. axb5 Bxb5 17. Qh5 $16 {Komodo10}) 16... Ng6 17. f4 (17. Nc5
Ncxe5 18. Na6 Qb7 19. dxe5 Qxa6 20. axb5 Qb7 21. Ra6 $16 {Komodo10}) 17... O-O
(17... h6 18. f5 exf5 19. Bc1 bxa4 20. Nc5 O-O 21. Nxd7 Qxd7 22. Bxf5 $14 {
Komodo10}) 18. h4 (18. f5 $1 exf5 19. axb5 h6 20. Bc1 Ne7 21. Nc5 Bxb5 22. e6
$16 {Komodo10}) 18... f5 19. exf6 gxf6 20. Bh6 $18 f5 (20... Rf7 21. axb5 Kh8
22. Nc5 Nxh4 23. Qh5 Ng6 24. Bxg6 (24. Rae1 $18) (24. Nxd7 Qxd7 25. f5 $18)
24... hxg6 25. Qxg6 $18 {Komodo10}) 21. Bxf8 (21. h5 $1 {even stronger , as Bl
has trouble in moving the N} Ne7 22. Bxf8 Rxf8 23. axb5 $18 {Komodo10}) 21...
Rxf8 22. g3 (22. axb5 Nxf4 23. Qf3 Nxd3 24. cxd3 Nb6 25. Nc5 $18 (25. Rfc1 Qb8
26. Nc5 $18 {Komodo10})) 22... bxa4 23. Nc5 Re8 24. Bxc4 dxc4 25. Nxd7 (25.
Qxc4) 25... Qxd7 26. Qxc4 Kh8 27. Qxa4 Qd8 28. Qxa7 Rg8 29. h5 Nh4 30. Qc5 (30.
Ra3 $1) 30... Rxg3+ 31. Kf2 Rg2+ 32. Ke3 Rg3+ 33. Ke2 Qe8 34. Ra7 Qxh5+ 35. Kd2
Ng6 1-0

[Event "Dyfed Open"]
[Site "Fishguard"]
[Date "2017.02.26"]
[Round "4"]
[White "Dixon, Chris"]
[Black "Brown, Thomas"]
[Result "1/2-1/2"]
[WhiteElo "1817"]
[BlackElo "2087"]
[Annotator "Rudy"]
[PlyCount "89"]
[EventDate "2017.02.24"]
[EventType "swiss"]
[EventRounds "5"]
[EventCountry "WLS"]

1. Nf3 d5 2. g3 c6 3. Bg2 Bg4 4. O-O Nd7 5. d3 Ngf6 6. Nbd2 e5 7. e4 dxe4 8.
dxe4 Qc7 9. Qe2 (9. h3) 9... Be7 10. b3 O-O-O {unusual in this line} (10... O-O
) 11. Bb2 $14 Nc5 12. h3 Bxf3 13. Bxf3 Ne6 14. Nc4 Nd4 15. Bxd4 exd4 (15...
Rxd4) 16. Rad1 Kb8 17. Bg2 (17. e5 $14) 17... h5 18. f4 Nd7 19. Kh1 Nb6 20.
Nxb6 axb6 21. Qd3 (21. h4) 21... g5 (21... h4 $15) 22. fxg5 (22. e5 $11) 22...
Bxg5 23. Rf5 Be3 24. Rdf1 Rh7 (24... Qxg3 $17) 25. Qc4 (25. e5 Rg7 26. R1f3 $11
{Komodo10}) 25... b5 26. Qe2 Qxg3 27. Qf3 Qxf3 28. R1xf3 Rd7 29. Rf1 (29. h4 {
fixes the h5 pawn}) 29... h4 $17 30. Bf3 Re7 31. e5 Rh6 32. Bg4 Rhe6 33. Rh5
Rxe5 34. Rxh4 Rc5 (34... Bg5 35. Rh7 f6 $17 {Komodo10}) 35. Bf5 b4 36. Rh8+ Ka7
37. Rh7 $11 Ra5 38. Bd3 Rxa2 39. Rhxf7 (39. Rfxf7) 39... Rxf7 40. Rxf7 Kb6 41.
h4 Ra1+ 42. Kh2 Rg1 43. h5 Rg5 44. Bg6 c5 45. Rf6+ $11 1/2-1/2

[Event "Dyfed Open"]
[Site "Fishguard"]
[Date "2017.02.26"]
[Round "4"]
[White "Philpin, Les"]
[Black "Miles, Richard"]
[Result "0-1"]
[WhiteElo "1719"]
[BlackElo "1983"]
[Annotator "Rudy"]
[PlyCount "60"]
[EventDate "2017.02.24"]
[EventType "swiss"]
[EventRounds "5"]
[EventCountry "WLS"]

1. d4 Nf6 2. Nf3 c5 3. c3 e6 4. Bf4 cxd4 5. Nxd4 (5. cxd4 {more usual}) 5... d5
(5... a6 {most frequent}) 6. e3 (6. Nb5 a6 7. Nc7+ {Rosenzweig-Humm, Hasloch
op 1997,1-0}) 6... Be7 7. Nb5 (7. Bd3 Nbd7 8. Bg3 O-O 9. Nd2 a6 10. Qc2 Nc5 {
Pondal-Madsen, Koge Xtracon op 2014,0-1}) 7... Na6 8. Nd2 O-O $11 9. Be2 Bd7
10. Nd4 Nc5 11. N4f3 Qb6 (11... Nfe4 $15) 12. b3 Nce4 $17 13. h3 $2 (13. Qc1)
13... Nxc3 $19 14. Qc2 Nxe2 15. Kxe2 Rac8 16. Qb2 Bb5+ (16... Bb4) 17. Kd1 Bb4
(17... Ne4) 18. Be5 Be7 (18... Ne4 19. Nxe4 dxe4 20. Nd2 Rfd8 21. Bd4 Qa5 22.
a3 Bc3 $19 {Komodo10}) 19. g4 Bd3 20. Nd4 Ne8 {Bl is exploiting his extra pawn
rathger than going in for the kill like Komodo10} (20... Ne4) 21. Rc1 Rxc1+ 22.
Qxc1 Bd6 23. Bxd6 Nxd6 24. Qc3 Be4 (24... Bg6) 25. f3 Rc8 26. Qb2 Bd3 27. Re1
Nb5 28. Nb1 Nxd4 (28... Bxb1) 29. exd4 Bxb1 30. Qxb1 Qxd4+ 0-1

[Event "Dyfed Open"]
[Site "Fishguard"]
[Date "2017.02.26"]
[Round "4"]
[White "Waterfield, John W"]
[Black "Allford, Zane"]
[Result "1-0"]
[WhiteElo "1968"]
[BlackElo "1771"]
[Annotator "Rudy"]
[PlyCount "53"]
[EventDate "2017.02.24"]
[EventType "swiss"]
[EventRounds "5"]
[EventCountry "WLS"]

1. e4 e5 2. f4 exf4 3. Nf3 d6 4. Nc3 (4. d4 g5 5. g3 {recommended in Shaw's
book on the King's Gambit}) 4... g5 5. g3 (5. d4 Bg7) 5... g4 6. Nh4 f3 7. d4
Bg7 (7... Nc6) 8. Be3 Bf6 (8... Nc6 {main}) 9. Qd2 Bxh4 10. gxh4 Qxh4+ 11. Bf2
Qh6 12. Qxh6 (12. Be3 Qh4+ 13. Bf2 Qd8 {Krzyzanowski-Rusin, Wasaw YMCA 2014,0-1
}) 12... Nxh6 13. Nd5 Kd7 (13... Kd8 14. Bh4+) 14. h3 (14. Nf6+ {Cloud Engines}
Ke6 15. Bh4 c6 16. d5+ Ke5 17. Nh5 Kxe4 18. O-O-O $18 {Furhoff-Eriksson,
Helsingborg-A 1991,1-0}) 14... c6 $11 15. Ne3 Kc7 16. O-O-O (16. e5 d5 17. Bg3
Nf5 18. Nxf5 Bxf5 $11 {Komodo10}) 16... f5 17. exf5 Nxf5 18. Nxg4 (18. Nxf5
Bxf5 $11) 18... h5 (18... Na6) 19. Nh2 Be6 (19... Nd7 20. Nxf3 Nf6 $11 {
Komodo10}) 20. c4 (20. Re1 Kd7 21. Nxf3 Bd5 22. Bd3 Rf8 23. Rhg1 $16 {Komodo10}
Na6 (23... Bxf3 24. Bxf5+ Rxf5 25. Rg7+ Kd8 26. Bh4+ {mating})) 20... Nd7 $11 (
20... Na6 $11) 21. Nxf3 Nf6 (21... Rhg8) (21... Raf8) 22. Ng5 Bd7 23. Bd3 h4
$11 (23... Rhg8 $11) 24. Rdf1 Raf8 25. Bxf5 Bxf5 26. Bxh4 Bd3 $2 (26... Ne4 27.
Nxe4 Bxe4 28. Rxf8 Rxf8 29. Rg1 d5 30. c5 Rf7 $14 {Komodo10}) 27. Ne6+ 1-0